<?xml version="1.0" encoding="UTF-8"?><?xml-stylesheet type="text/xsl" href="static/style.xsl"?><OAI-PMH xmlns="http://www.openarchives.org/OAI/2.0/" xmlns:xsi="http://www.w3.org/2001/XMLSchema-instance" xsi:schemaLocation="http://www.openarchives.org/OAI/2.0/ http://www.openarchives.org/OAI/2.0/OAI-PMH.xsd"><responseDate>2026-04-17T04:09:00Z</responseDate><request verb="GetRecord" identifier="oai:www.recercat.cat:11351/7056" metadataPrefix="marc">https://recercat.cat/oai/request</request><GetRecord><record><header><identifier>oai:recercat.cat:11351/7056</identifier><datestamp>2025-10-24T10:36:30Z</datestamp><setSpec>com_2072_378070</setSpec><setSpec>com_2072_378040</setSpec><setSpec>col_2072_378092</setSpec></header><metadata><record xmlns="http://www.loc.gov/MARC21/slim" xmlns:dcterms="http://purl.org/dc/terms/" xmlns:xsi="http://www.w3.org/2001/XMLSchema-instance" xmlns:doc="http://www.lyncode.com/xoai" xsi:schemaLocation="http://www.loc.gov/MARC21/slim http://www.loc.gov/standards/marcxml/schema/MARC21slim.xsd">
   <leader>00925njm 22002777a 4500</leader>
   <datafield ind2=" " ind1=" " tag="042">
      <subfield code="a">dc</subfield>
   </datafield>
   <datafield ind2=" " ind1=" " tag="720">
      <subfield code="a">Pereira, JA</subfield>
      <subfield code="e">author</subfield>
   </datafield>
   <datafield ind2=" " ind1=" " tag="720">
      <subfield code="a">Montcusí, Blanca</subfield>
      <subfield code="e">author</subfield>
   </datafield>
   <datafield ind2=" " ind1=" " tag="720">
      <subfield code="a">Hernández‑Granados, P.</subfield>
      <subfield code="e">author</subfield>
   </datafield>
   <datafield ind2=" " ind1=" " tag="720">
      <subfield code="a">Rodrigues Gonçalves, Victor</subfield>
      <subfield code="e">author</subfield>
   </datafield>
   <datafield ind2=" " ind1=" " tag="720">
      <subfield code="a">López Cano, Manuel</subfield>
      <subfield code="e">author</subfield>
   </datafield>
   <datafield ind2=" " ind1=" " tag="720">
      <subfield code="a">Bravo-Salva, Alejandro</subfield>
      <subfield code="e">author</subfield>
   </datafield>
   <datafield ind2=" " ind1=" " tag="260">
      <subfield code="c">2022-02-22T07:49:29Z</subfield>
   </datafield>
   <datafield ind2=" " ind1=" " tag="260">
      <subfield code="c">2022-02-22T07:49:29Z</subfield>
   </datafield>
   <datafield ind2=" " ind1=" " tag="260">
      <subfield code="c">2021-12</subfield>
   </datafield>
   <datafield ind2=" " ind1=" " tag="520">
      <subfield code="a">Tècnica de separació de components; Registre d'hèrnies; Hèrnia incisional</subfield>
   </datafield>
   <datafield ind2=" " ind1=" " tag="520">
      <subfield code="a">Component separation technique (CST); Hernia registry; Incisional hernia</subfield>
   </datafield>
   <datafield ind2=" " ind1=" " tag="520">
      <subfield code="a">Técnica de separación de componentes; Registro de hernias; Hernia incisional</subfield>
   </datafield>
   <datafield ind2=" " ind1=" " tag="520">
      <subfield code="a">Aim&#xd;
To analyze the outcomes of component separation techniques (CST) to treat incisional hernias (IH) in a large multicenter cohort of patients.&#xd;
Methods&#xd;
All IH repair using CST, registered in EVEREG from July 2012 to December 2019, were included. Data on the pre-operative patient characteristics and comorbidities, IH characteristics, surgical technique, complications, and recurrence were collected. Outcomes between anterior (ACS) and posterior component separation (PCS) techniques were compared. Risk factors for complications and recurrences were analyzed.&#xd;
Results&#xd;
During the study period, 1536 patients underwent CST (45.5% females) with a median age of 64.0 years and median body mass index (BMI) of 29.7 kg/m2. ACS was the most common technique (77.7%). Overall complications were frequent in both ACS and PCS techniques (36.5%), with a higher frequency of wound infection (10.6% vs. 7.0%; P = 0.05) and skin necrosis (4.4% vs. 0.1%; P &lt; 0.0001) with the ACS technique. Main factors leading to major complications were mesh explant (OR 1.72; P = 0.001), previous repair (OR 0.75; P = 0.038), morbid obesity (OR 0.67; P = 0.015), ASA grade (OR 0.62; P &lt; 0.0001), COPD (OR 0.52; P &lt; 0.0001), and longitudinal diameter larger than 10 cm (OR 0.58; P = 0.001). After a minimum follow-up of 6 months (median 15 months; N = 590), 59 (10.0%) recurrences were diagnosed. Operations performed in a non-specialized unit were significantly associated with recurrences (HR 4.903, CI 1.64–14.65; P = 0.004).&#xd;
Conclusion&#xd;
CST is a complex procedure with a high rate of complications. Both ACS and PCS techniques have similar complication and recurrence rates. Operations performed in a specialized unit have better outcomes.</subfield>
   </datafield>
   <datafield ind2=" " ind1=" " tag="520">
      <subfield code="a">Open Access funding provided thanks to the CRUE-CSIC agreement with Springer Nature. B. Braun funds the cost of design and hosting of the EVEREG database.</subfield>
   </datafield>
   <datafield ind1="8" ind2=" " tag="024">
      <subfield code="a">http://hdl.handle.net/11351/7056</subfield>
   </datafield>
   <datafield tag="653" ind2=" " ind1=" ">
      <subfield code="a">Abdomen - Cirurgia - Complicacions</subfield>
   </datafield>
   <datafield tag="653" ind2=" " ind1=" ">
      <subfield code="a">Hèrnia</subfield>
   </datafield>
   <datafield tag="653" ind2=" " ind1=" ">
      <subfield code="a">ANATOMY::Body Regions::Torso::Abdomen::Abdominal Wall</subfield>
   </datafield>
   <datafield tag="653" ind2=" " ind1=" ">
      <subfield code="a">Other subheadings::Other subheadings::Other subheadings::/surgery</subfield>
   </datafield>
   <datafield tag="653" ind2=" " ind1=" ">
      <subfield code="a">DISEASES::Pathological Conditions, Signs and Symptoms::Pathological Conditions, Signs and Symptoms::Pathologic Processes::Postoperative Complications::Incisional Hernia</subfield>
   </datafield>
   <datafield tag="653" ind2=" " ind1=" ">
      <subfield code="a">Other subheadings::Other subheadings::Other subheadings::/complications</subfield>
   </datafield>
   <datafield tag="653" ind2=" " ind1=" ">
      <subfield code="a">ANATOMÍA::regiones corporales::tronco::abdomen::pared abdominal</subfield>
   </datafield>
   <datafield tag="653" ind2=" " ind1=" ">
      <subfield code="a">Otros calificadores::Otros calificadores::Otros calificadores::/cirugía</subfield>
   </datafield>
   <datafield tag="653" ind2=" " ind1=" ">
      <subfield code="a">ENFERMEDADES::afecciones patológicas, signos y síntomas::afecciones patológicas, signos y síntomas::procesos patológicos::complicaciones posoperatorias::eventración</subfield>
   </datafield>
   <datafield tag="653" ind2=" " ind1=" ">
      <subfield code="a">Otros calificadores::Otros calificadores::Otros calificadores::/complicaciones</subfield>
   </datafield>
   <datafield ind2="0" ind1="0" tag="245">
      <subfield code="a">Early outcomes of component separation techniques: an analysis of the Spanish registry of incisional Hernia (EVEREG)</subfield>
   </datafield>
</record></metadata></record></GetRecord></OAI-PMH>